[Event "ECU-ch U18 Girls"]
[Site "Riobamba"]
[Date "2023.04.13"]
[Round "4"]
[White "Roman Tapia, Ariana Alejandra"]
[Black "Naekat Mashianda, Jomaira Fernanda"]
[Result "1-0"]
[WhiteElo "1383"]
[BlackElo "1279"]
[PlyCount "40"]
[EventDate "2023.04.12"]
[EventType "swiss"]
[EventRounds "9"]
[EventCountry "ECU"]
[SourceTitle "EXT 2024"]
[Source "ChessBase"]
[SourceDate "2023.10.10"]
[SourceVersion "1"]
[SourceVersionDate "2023.10.10"]
[SourceQuality "1"]

1. e4 c5 2. c3 d5 3. exd5 Qxd5 4. d4 cxd4 5. cxd4 Nc6 6. Nf3 Bg4 7. Be2 Nf6 8. Nc3 Qd7 9. Be3 e6 10. 0-0 a6 11. Na4 Qc7 12. Rc1 Bd6 13. h3 Bxf3 14. Bxf3 0-0 15. Qb3 Rfd8 16. d5 Nxd5 17. Bxd5 exd5 18. Bb6 Qe7 19. Bxd8 Rxd8 20. Rfe1 Qc7 1-0

[Event "ECU-ch U18 Girls"]
[Site "Riobamba"]
[Date "2023.04.13"]
[Round "3"]
[White "Zhunio Guaman, Sofia Morelia"]
[Black "Roman Tapia, Ariana Alejandra"]
[Result "1/2-1/2"]
[WhiteElo "1307"]
[BlackElo "1383"]
[PlyCount "59"]
[EventDate "2023.04.12"]
[EventType "swiss"]
[EventRounds "9"]
[EventCountry "ECU"]
[SourceTitle "EXT 2024"]
[Source "ChessBase"]
[SourceDate "2023.10.10"]
[SourceVersion "1"]
[SourceVersionDate "2023.10.10"]
[SourceQuality "1"]

1. d4 Nf6 2. Bg5 e6 3. e4 Be7 4. e5 Nd5 5. Bxe7 Qxe7 6. c4 Nb6 7. Bd3 Nc6 8. Ne2 d6 9. exd6 cxd6 10. Nd2 e5 11. d5 Nb4 12. Qb3 Na6 13. 0-0 Nc5 14. Qc2 Nxd3 15. Qxd3 0-0 16. f4 Bg4 17. Rae1 Qc7 18. fxe5 dxe5 19. b4 Bxe2 20. Rxe2 Rad8 21. Rf5 f6 22. Rh5 g6 23. Rh4 Qe7 24. a3 f5 25. Rh3 e4 26. Qd4 Qg7 27. Qxg7+ Kxg7 28. Rc3 Rf7 29. Nb3 Na4 30. Rc1 1/2-1/2

[Event "ECU-ch U18 Girls"]
[Site "Riobamba"]
[Date "2023.04.12"]
[Round "1"]
[White "Guayano Tipan, Maria Jose"]
[Black "Roman Tapia, Ariana Alejandra"]
[Result "0-1"]
[WhiteElo "1013"]
[BlackElo "1383"]
[PlyCount "48"]
[EventDate "2023.04.12"]
[EventType "swiss"]
[EventRounds "9"]
[EventCountry "ECU"]
[SourceTitle "EXT 2024"]
[Source "ChessBase"]
[SourceDate "2023.10.10"]
[SourceVersion "1"]
[SourceVersionDate "2023.10.10"]
[SourceQuality "1"]

1. e4 d5 2. exd5 Qxd5 3. Nc3 Qa5 4. d4 c6 5. Nf3 Nf6 6. Bd3 Bg4 7. 0-0 Qc7 8. h3 Bh5 9. d5 c5 10. Bb5+ Nbd7 11. Re1 0-0-0 12. a4 Nb6 13. Qd3 Nbxd5 14. Nxd5 Rxd5 15. Qc3 e6 16. Bc4 Rd8 17. Ne5 Bd6 18. Bf4 Nd5 19. Bxd5 exd5 20. Rad1 Bxd1 21. Nxf7 Qxf7 22. Bxd6 Rxd6 23. Qxc5+ Qc7 24. Qe3 Bxc2 0-1

[Event "ECU-ch Schools U15 Girls Clas1"]
[Site "Chess.com INT"]
[Date "2020.11.05"]
[Round "8"]
[White "Roman Tapia, Ariana Alejandra"]
[Black "Cuaical Benavides, Dana Mirtha"]
[Result "1-0"]
[WhiteElo "1475"]
[BlackElo "190"]
[PlyCount "23"]
[EventDate "2020.11.05"]
[EventType "swiss"]
[EventRounds "9"]
[EventCountry "ECU"]
[SourceTitle "EXT 2022"]
[Source "ChessBase"]
[SourceDate "2021.10.06"]
[SourceVersion "1"]
[SourceVersionDate "2021.10.06"]
[SourceQuality "1"]

1. e4 e5 2. Nf3 d6 3. d4 f6 4. dxe5 Nc6 5. exf6 Nxf6 6. Nc3 Be7 7. Bc4 Bg4 8. h3 Bxf3 9. Qxf3 g6 10. Bg5 Nh5 11. Qf7+ Kd7 12. Be6# 1-0

[Event "South America-ch U14 Girls 16th"]
[Site "Buenos Aires"]
[Date "2019.12.04"]
[Round "6.6"]
[White "Scarsi, Anna Laura"]
[Black "Roman Tapia, Ariana Alejandra"]
[Result "1-0"]
[WhiteElo "1672"]
[BlackElo "1381"]
[PlyCount "109"]
[EventDate "2019.12.01"]
[EventType "swiss"]
[EventRounds "9"]
[EventCountry "ARG"]
[SourceTitle "EXT 2024"]
[Source "ChessBase"]
[SourceDate "2023.10.10"]
[SourceVersion "1"]
[SourceVersionDate "2023.10.10"]
[SourceQuality "1"]

1. e4 d5 2. exd5 Qxd5 3. Nc3 Qa5 4. d4 c6 5. Bd2 Qc7 6. Bc4 Nf6 7. Nf3 Bf5 8. Ne5 e6 9. Qe2 Bd6 10. h3 h5 11. Rg1 Bxe5 12. dxe5 Nd5 13. Bxd5 exd5 14. g4 hxg4 15. hxg4 Be6 16. f4 g6 17. Qg2 Nd7 18. Qe2 Qb6 19. 0-0-0 Qc7 20. Rdf1 Nf8 21. f5 Bd7 22. Qf2 gxf5 23. gxf5 0-0-0 24. Qxa7 Qb8 25. Qd4 Rh5 26. e6 fxe6 27. Bf4 Rh4 28. Qe3 Rxf4 29. Qxf4 Qxf4+ 30. Rxf4 exf5 31. Ne2 Re8 32. Kd2 Nh7 33. Nd4 Nf6 34. Nxf5 Ne4+ 35. Rxe4 dxe4 36. Nd6+ Kc7 37. Nxe8+ Bxe8 38. Ke3 Kb6 39. Kxe4 Bf7 40. b3 c5 41. c4 Kc6 42. Rf1 Bg6+ 43. Ke5 Kc7 44. Rg1 Bh5 45. Kd5 Kb6 46. Rf1 Be8 47. Kd6 Bg6 48. Re1 Bf5 49. Re5 Bb1 50. a3 Ba2 51. Rxc5 Ka6 52. b4 Kb6 53. Rb5+ Ka6 54. Ra5+ Kb6 55. c5# 1-0

[Event "Pan American-ch U14 Girls"]
[Site "Guayaquil"]
[Date "2019.07.27"]
[Round "9"]
[White "Suarez Ardila, Luisa Maria"]
[Black "Roman Tapia, Ariana Alejandra"]
[Result "0-1"]
[WhiteElo "1571"]
[BlackElo "1215"]
[PlyCount "168"]
[EventDate "2019.07.21"]
[EventType "swiss"]
[EventRounds "9"]
[EventCountry "ECU"]
[SourceTitle "EXT 2020"]
[Source "ChessBase"]
[SourceDate "2019.10.17"]
[SourceVersion "1"]
[SourceVersionDate "2019.10.17"]
[SourceQuality "1"]

1. e4 d5 2. exd5 Qxd5 3. Nc3 Qa5 4. Nf3 Nf6 5. d3 c6 6. Bf4 e6 7. a3 Qd8 8. Be2 Bd6 9. Ne5 Qc7 10. d4 Nbd7 11. Nxd7 Bxd7 12. Bxd6 Qxd6 13. 0-0 0-0 14. Bf3 Rad8 15. Ne2 e5 16. dxe5 Qxe5 17. Qd4 Qxd4 18. Nxd4 Bg4 19. c3 c5 20. Bxg4 cxd4 21. Bf3 dxc3 22. bxc3 b6 23. Rfd1 Rc8 24. Rac1 Rc4 25. Bd5 Nxd5 26. Rxd5 Rfc8 27. Rd7 Ra4 28. Ra1 g6 29. Rd3 Rc5 30. Kf1 Rca5 31. c4 Rxc4 32. Ke2 Rc2+ 33. Ke3 Re5+ 34. Kd4 Rf5 35. Rf1 Rfxf2 36. Rxf2 Rxf2 37. Rg3 Rf5 38. Ke4 Kg7 39. Rd3 Ra5 40. g4 Ra4+ 41. Kf3 a5 42. h4 b5 43. Kg3 b4 44. axb4 axb4 45. Rd4 Ra3+ 46. Kf4 b3 47. Rb4 h6 48. Ke4 Kh7 49. Kf4 Kg7 50. Ke4 b2 51. Rxb2 Rh3 52. Rb7 Rxh4 53. Kf3 Rh1 54. Rb5 h5 55. Kg2 Rh4 56. gxh5 Rxh5 57. Rb7 Rf5 58. Kg3 Kh6 59. Kg4 Rg5+ 60. Kh4 Rh5+ 61. Kg4 f5+ 62. Kf4 Rh4+ 63. Kg3 Rg4+ 64. Kh3 Kg5 65. Rb5 Rc4 66. Kg3 Rc3+ 67. Kg2 Kg4 68. Rb2 f4 69. Rd2 g5 70. Rb2 Rg3+ 71. Kh2 Rh3+ 72. Kg1 Kg3 73. Rg2+ Kh4 74. Rf2 Rg3+ 75. Kh2 f3 76. Kh1 Rh3+ 77. Kg1 g4 78. Rc2 Kg3 79. Rc3 Rh5 80. Rb3 Rc5 81. Rb1 Rc2 82. Rd1 Rg2+ 83. Kf1 Rh2 84. Kg1 f2+ 0-1

[Event "Pan American-ch U14 Girls"]
[Site "Guayaquil"]
[Date "2019.07.22"]
[Round "3"]
[White "Roman Tapia, Ariana Alejandra"]
[Black "Oviedo Acosta, Paula"]
[Result "1-0"]
[WhiteElo "1215"]
[BlackElo "1519"]
[PlyCount "119"]
[EventDate "2019.07.21"]
[EventType "swiss"]
[EventRounds "9"]
[EventCountry "ECU"]
[SourceTitle "EXT 2020"]
[Source "ChessBase"]
[SourceDate "2019.10.17"]
[SourceVersion "1"]
[SourceVersionDate "2019.10.17"]
[SourceQuality "1"]

1. e4 c5 2. c3 Nf6 3. e5 Nd5 4. Nf3 e6 5. d4 cxd4 6. cxd4 d6 7. Bc4 Nc6 8. Bxd5 exd5 9. Nc3 Be6 10. exd6 Bxd6 11. 0-0 0-0 12. Ng5 Qf6 13. Nf3 h6 14. Be3 Rad8 15. a3 Bb8 16. Ne1 Bf4 17. Qf3 Bg5 18. Qxf6 Bxf6 19. Rd1 Na5 20. Nd3 Nc4 21. Nc5 Bc8 22. Rb1 b6 23. N5a4 Ba6 24. Rfe1 Be7 25. Bxh6 Bxa3 26. Bxg7 Kxg7 27. bxa3 Nxa3 28. Rbc1 Nc4 29. Re7 Nd6 30. Rxa7 Bb5 31. Nxb6 Nc8 32. Nxc8 Rxc8 33. Ra5 Bc4 34. h3 Bb3 35. Ne2 Bc4 36. Nf4 Rcd8 37. Re1 Rfe8 38. Rxe8 Rxe8 39. Nxd5 Rd8 40. Ne3 Bb3 41. Ra6 Be6 42. Ra4 Bd7 43. Rb4 Kf6 44. Kh2 Be6 45. Rb6 Kg5 46. Rb5+ Kf4 47. d5 Bd7 48. Rb7 Be8 49. Re7 Kg5 50. Kg3 f5 51. Re5 Bd7 52. f4+ Kf6 53. Kf2 Bc8 54. g4 fxg4 55. hxg4 Rd6 56. Nf5 Bxf5 57. Rxf5+ Kg6 58. Re5 Kf6 59. Re6+ Rxe6 60. dxe6 1-0